000 00233nam a22000977a 4500
008 230627b xxu||||| |||| 00| 0 eng d
082 _a338.9
_bKEN
245 _aNational Development Plan 2002-2008
300 _aXI,157p
942 _2ddc
_cBK
999 _c2930
_d2930